Cena závisí od trhu

Riziká dlhopisových investícií. Výnosy dlhopisových investícií. Zmeny úrokových sadzieb a durácia. Zmeny ceny dlhopisov. Riziko inflácie a krachu. Dolárové a korunové výnosové krivky.

Na minha lista:
Detalhes bibliográficos
Autor principal: Škriniar, Pavel, 1979-
Formato: Capítulo de Livro
Idioma:eslovaco
Assuntos:
Tags: Adicionar Tag
Sem tags, seja o primeiro a adicionar uma tag!

MARC

LEADER 00000naa$a2200000$$$4500
001 0035960
005 20240502071449.7
041 0 |a slo 
044 |a SK 
245 1 0 |a Cena závisí od trhu  |c Pavel Škriniar 
520 |a Riziká dlhopisových investícií. Výnosy dlhopisových investícií. Zmeny úrokových sadzieb a durácia. Zmeny ceny dlhopisov. Riziko inflácie a krachu. Dolárové a korunové výnosové krivky. 
610 2 0 |a investovanie 
610 2 0 |a riziko 
610 2 0 |a dlhopisy 
610 2 0 |a durácia 
610 2 0 |a inflácia 
100 1 |a Škriniar, Pavel, 1979-